Ont-ils déjà joué avec... Pamela Anderson ? - Statistiques

Statistiques générales
  • Ce quiz a été pris 5 fois
  • Le résultat moyen est 2 sur 10
Answers on the Grid
Answers color-coded by a green-red scale on the quiz's grid according to % correct below.
Robin Williams
Claudia Cardinale
Guillaume Canet
Eddie Murphy
Daniel Craig
Natalie Portman
Ariana Grande
Iggy Pop
Paul Rudd
Will Ferrell
James Franco
Paris Hilton
Gérard Jugnot
Kevin Hart
Leslie Nielsen
Jamie Lee Curtis
Rowan Atkinson
Dwayne Johnson
Liam Neeson
Jarry
 
Statistiques - réponses
Réponse % Correct
Dwayne Johnson
40%
Jarry
40%
Kevin Hart
40%
Leslie Nielsen
40%
Liam Neeson
40%
Jamie Lee Curtis
20%
Paris Hilton
20%
Gérard Jugnot
0%
James Franco
0%
Rowan Atkinson
0%
Aucun quiz correspondant
Distribution des résultats
% des personnes avec chaque résultat
Percentile par nombre de réponses
Votre historique - résultats
Vous n’avez pas pris ce quiz